00346nam a2200133 a 450008200160000010000200001624500310003626000360006730000090010350000350011250500100014765000350015770000200019200a297.09bHIT aHitti, Philip K aThe Arabs: A Short History aLondonbMacmillan and Co.c1956 a212p aincludes index and biblioraphy2 aIndex aArabs-historyaIslamic-history1 aHitti, Philip K